书目信息 |
| 题名: |
毛泽东致韶山亲友书信集
|
|
| 作者: | 毛泽东 著 ;中共中央文献研究室毛泽东研究组 , 韶山毛泽东同志纪念馆 编 | |
| 分册: | ||
| 出版信息: | 北京 中央文献出版社 1996 |
|
| 页数: | 132页 | |
| 开本: | 20cm | |
| 丛书名: | ||
| 单 册: | ||
| 中图分类: | A43 | |
| 科图分类: | ||
| 主题词: | 毛泽东著作-书信集 , 书信集-毛泽东著作 | |
| 电子资源: | ||
| ISBN: | 7-5073-0335-7 | |
| 000 | 00872nam0 2200241 45 | |
| 001 | 1259625141 | |
| 005 | 20121003163438.60 | |
| 010 | @a7-5073-0335-7@dCNY9.00 | |
| 100 | @a19970401d1996 em y0chiy0121 ea | |
| 101 | 0 | @achi |
| 102 | @aCN@b110000 | |
| 105 | @af z 000ey | |
| 200 | 10 | @a毛泽东致韶山亲友书信集@Amao ze dong zhi shao shan qin you shu xin ji@f毛泽东著@g中共中央文献研究室毛泽东研究组,韶山毛泽东同志纪念馆编 |
| 210 | @a北京@c中央文献出版社@d1996 | |
| 215 | @a132页@c照片@d20cm | |
| 606 | 0 | @a毛泽东著作-书信集 |
| 606 | 0 | @a书信集-毛泽东著作 |
| 690 | @aA43@v3 | |
| 701 | 0 | @a毛泽东@Amao ze dong@4著 |
| 712 | 02 | @a中共中央文献研究室毛泽东研究组@Azhong gong zhong yang wen xian yan jiu shi mao ze dong yan jiu zu@4编 |
| 712 | 02 | @a韶山毛泽东同志纪念馆@Ashao shan mao ze dong tong zhi ji nian guan@4编 |
| 801 | 0 | @aCN@bTSSF@c19970508 |
| 905 | @a10447@dA43@eJY3 | |
| 毛泽东致韶山亲友书信集/毛泽东著/中共中央文献研究室毛泽东研究组,韶山毛泽东同志纪念馆编.-北京:中央文献出版社,1996 |
| 132页:照片;20cm |
| ISBN 7-5073-0335-7:CNY9.00 |
| ● |
| 相关链接 |
|
|
|
|
正题名:毛泽东致韶山亲友书信集
索取号:A43/JY3
 
预约/预借
| 序号 | 登录号 | 条形码 | 馆藏地/架位号 | 状态 | 备注 |
| 1 | 7800346 | 278003465 | 学院路分馆/ [索取号:A43/JY3] | 在馆 | |
| 2 | 7800347 | 278003474 | 学院路分馆/ [索取号:A43/JY3] | 在馆 | |
| 3 | 7800348 | 278003483 | 学院路分馆/ [索取号:A43/JY3] | 在馆 | |
| 4 | 7800349 | 278003492 | 学院路分馆/ [索取号:A43/JY3] | 在馆 |